Athletes Who Wore #14 - Statistics

General Stats
  • This quiz has been taken 54 times
  • The average score is 8 of 16
Answer Stats
Team Years Player % Correct
Buffalo Bills 2020- Stefon Diggs
86%
Seattle Seahawks 2019- D.K. Metcalf
77%
Cincinnati Bengals 2011-2019 Andy Dalton
70%
Cincinnati Reds 1963-1978,1984-1986 Pete Rose
64%
Miami Heat 2020- Tyler Herro
59%
Tampa Bay Buccaneers 2020- Chris Godwin
55%
San Diego Chargers 1973-1987 Dan Fouts
52%
Boston Celtics 1951-1963 Bob Cousy
48%
Cincinnati Royals 1961-1970 Oscar Robertson
41%
Chicago Cubs 1953-1971 Ernie Banks
39%
Cincinnati Bengals 1971-1986 Ken Anderson
39%
New York Jets 2018-2020 Sam Darnold
39%
Boston Red Sox 1974-1989 Jim Rice
30%
Arsenal FC 1999-2007 Thierry Henry
30%
Detroit Red Wings 1996-2006 Brendan Shanahan
23%
Dallas Stars 2009- Jamie Benn
23%
No matching quizzes found
Score Distribution
Percent of People with Each Score
Percentile by Number Answered
Your Score History
You have not taken this quiz